Alle PDC Darts Turniersieger 2026 - Statistiken

Allgemein
  • Dieses Quiz wurde 56 mal gespielt
  • Das Durchschnittsergebnis liegt bei 11 aus 13
Antwortstatistiken
Turnier Dartsspieler Land % Korrekt
World Darts Championship Luke Littler England
100%
Saudi Arabia Darts Masters Luke Littler England
100%
World Masters Luke Littler England
100%
Poland Darts Open Luke Littler England
100%
UK Open Luke Littler England
100%
Bahrain Darts Masters Michael van Gerwen Niederlande
100%
Players Championship 4 Luke Humphries England
98%
Players Championship 6 Gerwyn Price Wales
95%
Players Championship 2 Wessel Nijman Niederlande
70%
European Darts Trophy Wessel Nijman Niederlande
70%
Players Championship 1 James Wade England
60%
Players Championship 5 Ross Smith England
56%
Players Championship 3 Chris Dobey England
47%
Keine übereinstimmenden Quizze gefunden
Verteilung der Resultate
Anzahl Personen mit jedem Resultat
Perzentil nach korrekt beantworteten Fragen
Ihre Resultats-Entwicklung
Sie haben dieses Quiz noch nicht gespielt